| 000 | 00783nam a22002777a 4500 | ||
|---|---|---|---|
| 001 | BR7314271 | ||
| 003 | BR-BrBNA | ||
| 005 | 20230928084300.0 | ||
| 007 | ta | ||
| 008 | 230509b bl.||||| |||| 00| 0 por d | ||
| 040 |
_aBR-BrBNA _bpor _cBiblioteca Nacional de Agricultura |
||
| 041 | _a(Por) | ||
| 072 |
_aE15 _b/G514 |
||
| 090 | _ E15 BR7314271 | ||
| 100 | 1 | _aWhite Junior, T.K. | |
| 100 | 1 | _aRocha, D.S. | |
| 110 | 1 | _aUniversidade Federal de Vicosa, MG (Brasil) | |
| 245 | 1 |
_aCredito agricola na zona da Mata de Minas Gerais [Brasil] _bConvenio IPEA/UFV no. 18 |
|
| 260 | 3 |
_aVicosa, MG (Brasil): _c1971. |
|
| 300 | _a121 p. | ||
| 650 | _aCREDITO AGRICOLA | ||
| 650 | _aZONA DA MATA | ||
| 650 | _aMINAS GERAIS | ||
| 909 |
_a202309 _bLucia _c55 _dLucia Elande |
||
| 942 | _cBK | ||
| 999 |
_c17902 _d17902 |
||